000 00787nam a2200241Ia 4500
003 OSt
005 20220923212415.0
006 a|||||r|||| 00| 0
007 ta
008 220922b |||||||| |||| 00| 0 hin d
024 _a152,670
037 _cTextual
040 _aARTS
_cARTS
_bhin
041 _2hin
_ahin
082 _aND271,9(Q2), 152M7
100 _aपाण्डेय, रेखा
_9156275
245 0 _aभुवनेश्वर की देव मूर्तियां
246 _aBhuvaneshvar kī dev mūrtiyāan
260 _aदिल्ली
_b सविता प्रकाशन
_c1987
300 _a413 पृ.
_ccm.
942 _hND271,9(Q2), 152M7
_cTEXL
_2CC
999 _c308319
_d308319